000 01196nam a2200289Ia 4500
999 _c5500
_d5500
003 OSt
005 20200605160229.0
008 191128s1988 sp gr 000 0 spa d
020 _a847634015X
040 _aCO-JMCR
_cCO-JMCR
041 1 _aspa
_heng
082 0 4 _a330.1 /
_bR613e
_223
100 1 _aRobinson, Joan,
_eautor
_95071
245 1 0 _aEnsayos críticos /
_cJoan Robinson ; traducción Mireia Bofill ; selección y presentación Antonio Argandoña
260 _aBarcelona :
_bOrbis,
_c1988
300 _a216 páginas ;
_c20 cm.
490 _aBiblioteca de economía ;
_v13
505 _aLa filosofía de los precios -- La bella y la bestia -- ¿Qué es competencia perfecta? -- Precio de oferta creciente -- La "competencia imperfecta" en retrospectiva -- La función de producción y la teoría del capital -- La teoría de la distribución
534 _pCollected economic papers
546 _aTraducido del inglés
650 1 4 _aTeoría económica
_95072
650 2 4 _aPrecios economía
_95073
650 2 4 _aTeoría de la distribución
_95074
700 1 _aBofill, Mireia, ;
_etraductora
_95075
700 1 _aArgandoña, Antonio,
_eselección
_95076
942 _2ddc
_cBK